Secrets of attraction (Record no. 568885)

MARC details
000 -LEADER
fixed length control field 00701nam a22001817a 4500
008 - FIXED-LENGTH DATA ELEMENTS--GENERAL INFORMATION
fixed length control field 250323b |||||||| |||| 00| 0 eng d
020 ## - INTERNATIONAL STANDARD BOOK NUMBER
ISBN 9781561708178
Paper back/Hardbound pbk
041 ## - LANGUAGE CODE
Language code of text/sound track or separate title eng
082 ## - DEWEY DECIMAL CLASSIFICATION NUMBER
Classification number 306.7
Item number TAY
100 ## - MAIN ENTRY--AUTHOR NAME
Personal name Taylor, Sandra Anne
245 ## - TITLE STATEMENT
Title Secrets of attraction
Sub Title the universal laws of love, sex, and romance
Statement of responsibility, etc / Sandra Anne Taylor
260 ## - PUBLICATION, DISTRIBUTION, ETC. (IMPRINT)
Place of publication California
Name of publisher Hay House
Year of publication c2001
300 ## - PHYSICAL DESCRIPTION
Number of Pages 250 p.
Dimensions 22 cm.
520 ## - SUMMARY, ETC.
Summary, etc Reveals how the universal laws - and even quantum physics - actually direct the course of your relationship destiny.
650 ## - SUBJECT ADDED ENTRY--TOPICAL TERM
Topical Term Love Juvenile fiction; Man-Woman Relationships; Self-help Techniques; Sexual Attraction
942 ## - ADDED ENTRY ELEMENTS (KOHA)
Koha item type English Books
Holdings
Withdrawn status Lost status Damaged status Not for loan Home library Current library Shelving location Date acquired Cost, normal purchase price Full call number Accession Number Price effective from Koha item type
        Anna Centenary Library Anna Centenary Library 3RD FLOOR, B WING 01.12.2010 625.00 306.7 TAY 383908 01.12.2010 English Books

Find us on the map